[Event "7th Sunway Sitges 2020"]
[Site "Sitges ESP"]
[Date "2020.12.21"]
[Round "8.47"]
[White "Silva, Pedro Gil Ferreira Da"]
[Black "Donate Moreno, Silvia"]
[Result "1-0"]
[WhiteElo "2100"]
[BlackElo "1903"]
[WhiteFideId "1946102"]
[BlackFideId "24581887"]
[EventDate "2020.12.13"]

1. e4 c5 2. Nf3 d6 3. c3 Nf6 4. h3 Nc6 5. Bd3 e6 6. Bc2 Be7 7. O-O O-O 8. Re1
Qc7 9. d4 cxd4 10. cxd4 Nb4 11. Bb3 d5 12. e5 Ne4 13. a3 Nc6 14. Bc2 f5 15. exf6
Bxf6 16. Bxe4 dxe4 17. Rxe4 Qb6 18. Qe2 Nxd4 19. Nxd4 Bxd4 20. Be3 Bxe3 21. Rxe3
Bd7 22. Nc3 Rf7 23. f3 Bc6 24. Qf2 Bd5 25. Rd3 Qxf2+ 26. Kxf2 Rd7 27. Rad1 Rad8
28. Ke3 Bc6 29. Rxd7 Rxd7 30. Rxd7 Bxd7 31. Kd4 Kf7 32. Ke5 Ke7 33. b4 a6 34.
Ne2 Bb5 35. Ng3 b6 36. h4 g6 37. Ne4 h5 38. Nd6 Bf1 39. g3 Kd7 40. Ne4 Ke7 41.
Ng5 Be2 42. f4 Bc4 43. Nf3 a5 44. Kd4 Bb5 45. bxa5 bxa5 46. Kc5 Bd3 47. Ne5 Bc2
48. Nc6+ Kf6 49. Nxa5 e5 50. Nc4 exf4 51. gxf4 Kf5 52. Ne3+ Kxf4 53. Nxc2 g5 54.
hxg5 h4 55. g6 h3 56. g7 h2 57. g8=Q h1=Q 58. Qf7+ Kg5 59. Qd5+ 1-0

[Event "7th Sunway Sitges 2020"]
[Site "Sitges ESP"]
[Date "2020.12.21"]
[Round "8.48"]
[White "Rodriguez Diaz, Javier"]
[Black "Llopis de Aysa, Manuel"]
[Result "1/2-1/2"]
[BlackTitle "CM"]
[WhiteElo "2049"]
[BlackElo "2093"]
[WhiteFideId "32044186"]
[BlackFideId "2203162"]
[EventDate "2020.12.13"]

1. e4 g6 2. d4 Bg7 3. Nf3 d6 4. Nc3 c6 5. a4 Nf6 6. Be2 O-O 7. O-O Qc7 8. h3 e5
9. Re1 exd4 10. Nxd4 Re8 11. Bf1 Nbd7 12. g3 Nc5 13. Bg2 a5 14. Kh2 Bd7 15. f4
Re7 16. e5 dxe5 17. Nf3 Rae8 18. fxe5 Nh5 19. Qd4 Bxe5 20. Nxe5 Rxe5 21. Rxe5
Rxe5 22. Bd2 Bf5 23. Rc1 Ne6 24. Qf2 Nf6 25. Kg1 h5 26. Be3 Ne4 27. Bxe4 Bxe4
28. Bb6 Qe7 29. h4 g5 30. Re1 f5 31. Nxe4 fxe4 32. Be3 Qf7 33. hxg5 Nxg5 34.
Bxg5 Rxg5 35. Rxe4 Qxf2+ 36. Kxf2 Kf7 37. Kf3 Rd5 38. Ke3 Kf6 39. Rf4+ Ke6 40.
Rf8 b5 41. axb5 cxb5 42. Ke4 Rc5 43. c3 Rc4+ 44. Kf3 b4 45. cxb4 Rxb4 46. Ra8
Rb5 47. Ke4 Rb4+ 48. Kf3 a4 49. Ra5 Rxb2 50. Rxa4 1/2-1/2

[Event "7th Sunway Sitges 2020"]
[Site "Sitges ESP"]
[Date "2020.12.21"]
[Round "8.49"]
[White "Diaz Carrasco, Sergio"]
[Black "Boixader Arbo, Xavier"]
[Result "1/2-1/2"]
[WhiteElo "2036"]
[BlackElo "2091"]
[WhiteFideId "2276429"]
[BlackFideId "32067305"]
[EventDate "2020.12.13"]

1. Nf3 Nf6 2. g3 g6 3. Bg2 Bg7 4. O-O O-O 5. c4 d6 6. d3 e5 7. Nbd2 Nc6 8. a3 a5
9. Qc2 h6 10. b3 Be6 11. Bb2 Nh7 12. e3 Qd7 13. d4 Bh3 14. dxe5 Bxg2 15. Kxg2
Nxe5 16. Nxe5 Bxe5 17. Bxe5 dxe5 18. Rad1 f5 19. Nf3 Qg7 20. Rd2 Ng5 21. Nxg5
hxg5 22. Qd1 c6 23. Rd7 Rf7 24. Rd8+ Rf8 25. Rxa8 Rxa8 26. Qd6 Re8 27. Rd1 Qf7
28. Qc5 Qc7 29. Rd6 Kf7 30. b4 axb4 31. axb4 Re6 1/2-1/2

[Event "7th Sunway Sitges 2020"]
[Site "Sitges ESP"]
[Date "2020.12.21"]
[Round "8.66"]
[White "Gardner, Leo"]
[Black "Vinolas Anglada, Laura"]
[Result "0-1"]
[WhiteElo "1533"]
[BlackElo "1790"]
[WhiteFideId "24585432"]
[BlackFideId "24517925"]
[EventDate "2020.12.13"]

1. e4 e5 2. Nf3 Nc6 3. Nc3 Nf6 4. d4 exd4 5. Nxd4 Bb4 6. Nxc6 bxc6 7. Bd3 d5 8.
exd5 O-O 9. O-O cxd5 10. Bd2 Rb8 11. Rb1 Bg4 12. f3 Bh5 13. Ne2 Bc5+ 14. Kh1 Bd6
15. Nd4 Ne4 16. Bxe4 dxe4 17. Nf5 exf3 18. gxf3 Be5 19. c3 Bg6 20. f4 Bxf5 21.
fxe5 Bxb1 22. Rf2 Rxb2 23. Kg1 Be4 24. Qc1 Rb1 0-1

[Event "7th Sunway Sitges 2020"]
[Site "Sitges ESP"]
[Date "2020.12.22"]
[Round "9.1"]
[White "Cheparinov, Ivan"]
[Black "Moussard, Jules"]
[Result "1/2-1/2"]
[WhiteTitle "GM"]
[BlackTitle "GM"]
[WhiteElo "2660"]
[BlackElo "2626"]
[WhiteFideId "2905540"]
[BlackFideId "642908"]
[EventDate "2020.12.13"]

1. d4 Nf6 2. c4 e6 3. Nf3 d5 4. g3 Bb4+ 5. Bd2 Bd6 6. Nc3 O-O 7. Bg2 c6 8. Bg5
h6 9. Bxf6 Qxf6 10. O-O Qd8 11. Qc2 Nd7 12. Rfd1 f5 13. e3 Qe7 14. Nh4 Qf7 15.
f4 Nf6 16. Nf3 Ne4 17. c5 Bc7 18. b4 Bd7 19. Rdb1 b6 20. a4 Qe7 21. Ne5 Bxe5 22.
dxe5 Rfb8 23. a5 bxc5 24. Nxe4 fxe4 25. bxc5 Bc8 26. Bf1 Qc7 27. Qa4 Kf7 28. Be2
Ke7 29. h4 Kd7 30. a6 Rxb1+ 31. Rxb1 Rb8 32. Rb4 Rxb4 33. Qxb4 Ke7 34. h5 Kd8
35. Kf2 Qe7 36. Kg2 Qc7 37. g4 Ke8 38. Kg3 Kd8 39. Qa4 Bd7 40. Qb4 Bc8 1/2-1/2

[Event "7th Sunway Sitges 2020"]
[Site "Sitges ESP"]
[Date "2020.12.22"]
[Round "9.2"]
[White "Santos Latasa, Jaime"]
[Black "Korobov, Anton"]
[Result "1-0"]
[WhiteTitle "GM"]
[BlackTitle "GM"]
[WhiteElo "2588"]
[BlackElo "2693"]
[WhiteFideId "2293307"]
[BlackFideId "14105730"]
[EventDate "2020.12.13"]

1. c4 Nf6 2. Nc3 g6 3. e4 d6 4. d4 Bg7 5. h3 O-O 6. Be3 Nbd7 7. Nf3 e5 8. d5 Nc5
9. Nd2 a5 10. Be2 Ne8 11. g4 f5 12. g5 f4 13. Bxc5 dxc5 14. h4 Nd6 15. Bf3 Bd7
16. a4 c6 17. Qe2 Be8 18. Qd3 Bf7 19. Bg4 Qb6 20. b3 Rad8 21. Kf1 f3 22. Re1 Qb4
23. Rh3 h5 24. gxh6 Bxh6 25. Nxf3 Rfe8 26. h5 g5 27. Qc2 Kh8 28. Rg3 Re7 29. Kg2
Bg8 30. Bh3 cxd5 31. Nxd5 Bxd5 32. cxd5 Rf8 33. Re2 Rf4 34. Rg4 Kg7 35. Rxf4
gxf4 36. Be6 c4 37. bxc4 Nxc4 38. Qd3 Kf6 39. Nh2 Rg7+ 40. Ng4+ Ke7 41. Kf3 Rxg4
42. Bxg4 Nd6 43. Kg2 Qxa4 44. Qc3 Nc4 45. Rc2 b5 46. Be2 1-0

[Event "7th Sunway Sitges 2020"]
[Site "Sitges ESP"]
[Date "2020.12.22"]
[Round "9.3"]
[White "Checa, Nicolas"]
[Black "Fier, Alexandr"]
[Result "1/2-1/2"]
[WhiteTitle "GM"]
[BlackTitle "GM"]
[WhiteElo "2527"]
[BlackElo "2549"]
[WhiteFideId "2069342"]
[BlackFideId "2107139"]
[EventDate "2020.12.13"]

1. d4 Nf6 2. c4 e6 3. Nf3 d5 4. Nc3 c6 5. Bg5 dxc4 6. e4 b5 7. e5 h6 8. Bh4 g5
9. Nxg5 hxg5 10. Bxg5 Nbd7 11. exf6 Bb7 12. g3 c5 13. d5 Qb6 14. Bg2 O-O-O 15.
O-O b4 16. Rb1 Qa6 17. dxe6 Bxg2 18. e7 Bxf1 19. Kxf1 Bxe7 20. fxe7 Rdg8 21. Ne4
Rxg5 22. Nxg5 Re8 23. Qe2 Qg6 24. Ne4 Rxe7 25. Re1 Kd8 26. Qxc4 Qg4 27. Qd5 f5
28. Qa8+ Kc7 29. Qxa7+ Kc6 30. Qa8+ Kc7 31. Qa5+ Kc6 32. Qa8+ Kc7 1/2-1/2

[Event "7th Sunway Sitges 2020"]
[Site "Sitges ESP"]
[Date "2020.12.22"]
[Round "9.4"]
[White "Lagarde, Maxime"]
[Black "Sochacki, Christophe"]
[Result "1/2-1/2"]
[WhiteTitle "GM"]
[BlackTitle "IM"]
[WhiteElo "2651"]
[BlackElo "2469"]
[WhiteFideId "662399"]
[BlackFideId "662569"]
[EventDate "2020.12.13"]

1. d4 Nf6 2. c4 e6 3. Nc3 d5 4. cxd5 Nxd5 5. e4 Nxc3 6. bxc3 c5 7. Rb1 cxd4 8.
cxd4 Be7 9. Bc4 O-O 10. Ne2 b6 11. d5 Ba6 12. Bb3 Bb4+ 13. Bd2 Qd6 14. O-O Bxd2
15. Qxd2 Nd7 16. Rfd1 Nc5 17. Ng3 Rad8 18. Qb2 Qc7 19. Rbc1 Qf4 20. dxe6 Rxd1+
21. Rxd1 fxe6 22. Nf5 Qg5 23. h4 Qf6 24. Qxf6 gxf6 25. Ne3 Kf7 26. Bc2 Ke7 27.
g4 h5 28. gxh5 Be2 29. Rd4 Rh8 30. Kh2 Bxh5 31. f4 Be8 32. Kg3 Rg8+ 33. Kf2 Rh8
34. Kg3 Rg8+ 35. Kf2 Bc6 36. e5 1/2-1/2

[Event "7th Sunway Sitges 2020"]
[Site "Sitges ESP"]
[Date "2020.12.22"]
[Round "9.5"]
[White "Narciso Dublan, Marc"]
[Black "Grigoryan, Karen H."]
[Result "0-1"]
[WhiteTitle "GM"]
[BlackTitle "GM"]
[WhiteElo "2495"]
[BlackElo "2651"]
[WhiteFideId "2201500"]
[BlackFideId "13301004"]
[EventDate "2020.12.13"]

1. d4 Nf6 2. c4 g6 3. Nc3 Bg7 4. e4 O-O 5. Nf3 d6 6. Be2 e5 7. d5 Na6 8. Nd2 Nd7
9. a3 f5 10. b4 Nf6 11. Nb3 Nxe4 12. Nxe4 fxe4 13. Be3 Bf5 14. c5 Nb8 15. O-O
Nd7 16. Rc1 Nf6 17. h3 Kh8 18. Na5 b6 19. Nc6 Qe8 20. Qd2 Qf7 21. Rfd1 Nh5 22.
cxd6 cxd6 23. g4 Nf4 24. gxf5 Qxf5 25. Bf1 Nxh3+ 26. Bxh3 Qxh3 27. Qe2 Rf5 28.
Qf1 Qh5 29. Qg2 Bh6 30. Bxh6 Qxh6 31. Rc3 Raf8 32. Rh3 Rh5 33. Rxh5 Qxh5 34. Re1
Rf5 35. Qxe4 Rf4 36. Qg2 Rg4 37. Re3 Rxg2+ 38. Kxg2 Qg4+ 39. Kh2 a6 40. Rc3 Qf4+
41. Kg1 Qd2 0-1

[Event "7th Sunway Sitges 2020"]
[Site "Sitges ESP"]
[Date "2020.12.22"]
[Round "9.6"]
[White "Santos Ruiz, Miguel"]
[Black "Stefanova, Antoaneta"]
[Result "1/2-1/2"]
[WhiteTitle "GM"]
[BlackTitle "GM"]
[WhiteElo "2581"]
[BlackElo "2466"]
[WhiteFideId "22291482"]
[BlackFideId "2902257"]
[EventDate "2020.12.13"]

1. e4 e5 2. Nf3 Nc6 3. Bb5 Nf6 4. d3 Bc5 5. c3 O-O 6. O-O d6 7. Re1 Ne7 8. d4
exd4 9. cxd4 Bb6 10. h3 d5 11. e5 Ne4 12. Nc3 f5 13. exf6 Nxf6 14. Bf4 c6 15.
Bd3 Nf5 16. Bc2 Bc7 17. Bxc7 Qxc7 18. g4 Nd6 19. Ne5 g5 20. Qd3 Qg7 21. Re3 Bd7
22. Rae1 Rae8 23. Ne2 Bc8 24. f3 Qc7 25. Kg2 c5 26. dxc5 Qxc5 27. Bb3 b5 28. Qd4
Qxd4 29. Nxd4 a6 30. R3e2 Bb7 31. Nd3 h6 32. Re6 Rxe6 33. Rxe6 Nc4 34. a4 Bc8
35. Re7 bxa4 36. Bxa4 Rf7 37. Re2 Rc7 38. Kg3 Kf7 39. b3 Nb6 40. Bc6 Re7 41. Rc2
Re3 42. Nc5 Re1 43. Na4 Nxa4 44. Bxa4 Bd7 45. Bxd7 Nxd7 46. Rc7 Ke8 47. Rc6 Rd1
48. Nf5 d4 49. Rxa6 d3 50. Rd6 d2 51. Kf2 Nc5 52. b4 Nb3 53. Ne3 Rb1 54. b5 Ke7
55. Rd3 Rb2 56. Nd1 Rb1 57. b6 Nc5 58. Rxd2 Rxb6 59. Ne3 Kf7 60. Nf5 Kg6 61. Rd8
h5 62. Rg8+ Kf6 63. Rf8+ Ke5 64. gxh5 Ne6 65. Rf7 Nd8 66. Rd7 Kxf5 67. Rxd8 Rh6
68. Rd5+ Kf4 69. Rd8 Rxh5 70. Rf8+ Ke5 71. Kg3 Rh4 72. f4+ Rxf4 73. Rxf4 gxf4+
74. Kf3 1/2-1/2

[Event "7th Sunway Sitges 2020"]
[Site "Sitges ESP"]
[Date "2020.12.22"]
[Round "9.7"]
[White "Cornette, Matthieu"]
[Black "Martin Duque, Jesus"]
[Result "1-0"]
[WhiteTitle "GM"]
[BlackTitle "IM"]
[WhiteElo "2558"]
[BlackElo "2414"]
[WhiteFideId "620084"]
[BlackFideId "2208954"]
[EventDate "2020.12.13"]

1. e4 c5 2. Nf3 e6 3. d4 cxd4 4. Nxd4 a6 5. g3 Nf6 6. Bg2 Nc6 7. O-O Qc7 8. c4
Bc5 9. Nb3 Be7 10. c5 O-O 11. Bf4 e5 12. Bg5 d6 13. Bxf6 Bxf6 14. cxd6 Qd8 15.
Nc3 a5 16. a4 Be6 17. Nd5 Bxd5 18. Qxd5 Nb4 19. Qd2 Qb6 20. Bh3 Nc6 21. Qd5 Rfd8
22. d7 Ne7 23. Qb5 Qxb5 24. axb5 b6 25. Nd2 Ng6 26. Nc4 Rab8 27. Rfd1 Be7 28.
Rd5 f6 29. Nd6 Nf8 30. Nc8 Kf7 31. Rc1 Rb7 32. Rc6 Nxd7 33. Bxd7 Rdxd7 34. Nxb6
Rxd5 35. Nxd5 Bd8 36. b6 Ke8 37. Rd6 Rd7 38. Re6+ Kf7 39. Rc6 Rb7 40. Kf1 Ke8
41. Rd6 Rb8 42. Ke2 Rc8 43. b3 h5 44. h3 Rb8 45. Kd3 Rc8 46. g4 hxg4 47. hxg4
Ra8 48. Nc7+ 1-0

[Event "7th Sunway Sitges 2020"]
[Site "Sitges ESP"]
[Date "2020.12.22"]
[Round "9.8"]
[White "Niemann, Hans Moke"]
[Black "Maze, Sebastien"]
[Result "1-0"]
[WhiteTitle "IM"]
[BlackTitle "GM"]
[WhiteElo "2478"]
[BlackElo "2557"]
[WhiteFideId "2093596"]
[BlackFideId "613762"]
[EventDate "2020.12.13"]

1. d4 Nf6 2. c4 e6 3. Nc3 Bb4 4. e3 O-O 5. Bd3 b6 6. Ne2 Bb7 7. a3 Be7 8. e4 d6
9. O-O c5 10. d5 e5 11. Ng3 Ne8 12. Nf5 Bf6 13. g3 Bc8 14. h4 g6 15. Nh6+ Kh8
16. Kg2 Bg7 17. h5 g5 18. Ng4 Qd7 19. f3 h6 20. Rh1 a6 21. Ne3 Nc7 22. Na4 1-0

[Event "7th Sunway Sitges 2020"]
[Site "Sitges ESP"]
[Date "2020.12.22"]
[Round "9.9"]
[White "Nevednichy, Vladislav"]
[Black "Ayats Llobera, Gerard"]
[Result "1-0"]
[WhiteTitle "GM"]
[BlackTitle "IM"]
[WhiteElo "2546"]
[BlackElo "2400"]
[WhiteFideId "1205730"]
[BlackFideId "32067607"]
[EventDate "2020.12.13"]

1. e4 c5 2. Nf3 d6 3. Bb5+ Bd7 4. c4 Nf6 5. Nc3 a6 6. Bxd7+ Nbxd7 7. O-O e6 8.
d4 cxd4 9. Nxd4 Be7 10. b3 O-O 11. Bb2 Re8 12. Qe2 Bf8 13. Rad1 Qa5 14. Kh1 Rad8
15. f4 h6 16. Rf3 Rc8 17. f5 Kh8 18. Rdf1 Ne5 19. Rg3 Qd8 20. Rh3 d5 21. fxe6
dxc4 22. exf7 Nxf7 23. Nf5 cxb3 24. axb3 Rc6 25. Re3 Rce6 26. Ng3 Ne5 27. Rd1
Qa5 28. Nd5 Nfg4 29. Rc3 Bc5 30. Rf1 Bd4 31. Rc7 Bxb2 32. Qxb2 Nf6 33. b4 Qb5
34. Nxf6 Rxf6 35. Rxf6 gxf6 36. h3 Qb6 37. Qc1 Kg8 38. Nf5 Nf7 39. Qf4 Ng5 40.
Nxh6+ Kf8 41. Qxg5 1-0

[Event "7th Sunway Sitges 2020"]
[Site "Sitges ESP"]
[Date "2020.12.22"]
[Round "9.10"]
[White "Dardha, Daniel"]
[Black "Lopez Martinez, Josep Manuel"]
[Result "1-0"]
[WhiteTitle "IM"]
[BlackTitle "GM"]
[WhiteElo "2485"]
[BlackElo "2542"]
[WhiteFideId "240990"]
[BlackFideId "2212943"]
[EventDate "2020.12.13"]

1. d4 Nf6 2. c4 g6 3. d5 Bg7 4. Nc3 O-O 5. Nf3 d6 6. e4 e6 7. dxe6 fxe6 8. e5
dxe5 9. Nxe5 Qxd1+ 10. Nxd1 Ne4 11. Nd3 Nc6 12. Be3 b6 13. g3 Nd4 14. Bxd4 Bxd4
15. Bg2 Bb7 16. O-O Nd6 17. Bxb7 Nxb7 18. Re1 Rae8 19. Ne5 Nc5 20. Rb1 a5 21.
Re2 Kg7 22. Kg2 Bxe5 23. Rxe5 Rd8 24. Re2 Rd4 25. b3 Rd3 26. Nb2 Rdf3 27. Rd1 e5
28. Rdd2 e4 29. Nd1 Rd3 30. Rxd3 exd3 31. Re3 Rd8 32. Kf1 Kf6 33. Ke1 Rd4 34.
Nc3 a4 35. b4 Nd7 36. Nd5+ Kf5 37. Kd2 c6 38. Ne7+ Kf6 39. Nxc6 Rxc4 40. Rxd3
Kg5 41. Rxd7 Rxc6 42. Rxh7 1-0

[Event "7th Sunway Sitges 2020"]
[Site "Sitges ESP"]
[Date "2020.12.22"]
[Round "9.11"]
[White "Batsiashvili, Nino"]
[Black "Mendonca, Leon Luke"]
[Result "0-1"]
[WhiteTitle "GM"]
[BlackTitle "IM"]
[WhiteElo "2466"]
[BlackElo "2530"]
[WhiteFideId "13602993"]
[BlackFideId "35028561"]
[EventDate "2020.12.13"]

1. d4 Nf6 2. c4 c6 3. Nf3 d5 4. Qc2 dxc4 5. Qxc4 Bg4 6. Nbd2 Nbd7 7. g3 e6 8.
Bg2 Be7 9. O-O O-O 10. Qb3 Qb6 11. Nc4 Qa6 12. Re1 Rfd8 13. Bf4 Bxf3 14. Bxf3
Nb6 15. Nxb6 Qxb6 16. Rad1 Qxb3 17. axb3 Nd5 18. Bd2 Bb4 19. e3 a5 20. h4 g6 21.
Re2 Bxd2 22. Rexd2 Nb4 23. Kf1 a4 24. bxa4 Rxa4 25. Be4 Rda8 26. Ke2 Kg7 27. Bc2
Nxc2 28. Rxc2 Rb4 29. Rd3 Ra2 30. Rdd2 Kf6 31. Kd3 Kf5 32. Kc3 Rb5 33. f3 Ra1
34. e4+ Kf6 35. b3 Rba5 36. Kb4 h5 37. Rc5 Ra6 38. Rcc2 R6a5 39. Rc5 Ra6 40.
Rcc2 Ke7 41. d5 Rb6+ 42. Kc4 cxd5+ 43. exd5 exd5+ 44. Rxd5 Rg1 45. Rb5 Rxb5 46.
Kxb5 Rxg3 47. Rc7+ Ke6 48. Rxb7 Rxf3 49. b4 Rf4 50. Rb6+ Kf5 51. Kc5 Rxh4 52.
Rb7 f6 53. b5 Rh1 54. b6 Rb1 55. Rh7 Kg4 56. b7 f5 57. Kc6 f4 58. Rd7 f3 59.
Rd4+ Kg3 60. Rd6 g5 61. Rd5 Rxb7 62. Kxb7 g4 63. Rxh5 f2 64. Rf5 Kg2 0-1

[Event "7th Sunway Sitges 2020"]
[Site "Sitges ESP"]
[Date "2020.12.22"]
[Round "9.12"]
[White "Maurizzi, Marc Andria"]
[Black "Flom, Gabriel"]
[Result "1-0"]
[WhiteTitle "IM"]
[BlackTitle "GM"]
[WhiteElo "2445"]
[BlackElo "2499"]
[WhiteFideId "36083534"]
[BlackFideId "621650"]
[EventDate "2020.12.13"]

1. d4 d5 2. c4 c6 3. Nf3 Nf6 4. e3 Bf5 5. Nc3 e6 6. Nh4 Be4 7. f3 Bg6 8. Bd2 Be7
9. Nxg6 hxg6 10. Qc2 Nbd7 11. O-O-O dxc4 12. Bxc4 b5 13. Be2 a6 14. Kb1 c5 15.
d5 exd5 16. Bc1 Qc7 17. g4 b4 18. Nxd5 Nxd5 19. Rxd5 Nb6 20. Rdd1 c4 21. h4 a5
22. h5 gxh5 23. Rxh5 Rxh5 24. gxh5 c3 25. Rg1 Bf6 26. h6 g6 27. bxc3 Qxc3 28.
Qxc3 Bxc3 29. e4 Kf8 30. Be3 Nd7 31. f4 Rc8 32. Bg4 Rc7 33. Rd1 Nf6 34. e5 Nxg4
35. Rd8+ Ke7 36. h7 1-0

[Event "7th Sunway Sitges 2020"]
[Site "Sitges ESP"]
[Date "2020.12.22"]
[Round "9.13"]
[White "Plat, Vojtech"]
[Black "Lever, Erwan"]
[Result "1-0"]
[WhiteTitle "GM"]
[WhiteElo "2552"]
[BlackElo "2200"]
[WhiteFideId "325740"]
[BlackFideId "20640099"]
[EventDate "2020.12.13"]

1. c4 Nf6 2. g3 e6 3. Bg2 d5 4. Nf3 d4 5. O-O c5 6. d3 Nc6 7. e3 Be7 8. exd4
cxd4 9. Re1 O-O 10. Nbd2 Nd7 11. a3 a5 12. b3 e5 13. Rb1 f6 14. Nh4 Nc5 15. Bd5+
Be6 16. Bxe6+ Nxe6 17. f4 Nc5 18. Ndf3 exf4 19. gxf4 f5 20. Ng2 Bf6 21. Qc2 Qd6
22. b4 axb4 23. axb4 Na4 24. b5 Ne7 25. Bd2 Nc3 26. Ra1 Ng6 27. Kf1 Qc7 28. Qb3
Kh8 29. Rxa8 Rxa8 30. Qa3 Rc8 31. Qa7 Qd7 32. Ne5 Bxe5 33. fxe5 Re8 34. e6 Qd6
35. Qxb7 Qxh2 36. Qd7 Rg8 37. Qxd4 Ne4 38. dxe4 f4 39. Qf2 f3 40. Qxf3 Rf8 41.
Qxf8+ Nxf8 42. e7 Qb8 43. Rd1 Qe8 44. Bb4 Ne6 45. Nf4 h6 46. Nxe6 Qf7+ 47. Ke1
Kh7 48. Rd8 Qf3 49. Nf8+ 1-0

[Event "7th Sunway Sitges 2020"]
[Site "Sitges ESP"]
[Date "2020.12.22"]
[Round "9.14"]
[White "Krysa, Leandro"]
[Black "Romanishin, Oleg M"]
[Result "1/2-1/2"]
[WhiteTitle "GM"]
[BlackTitle "GM"]
[WhiteElo "2544"]
[BlackElo "2402"]
[WhiteFideId "116807"]
[BlackFideId "14100088"]
[EventDate "2020.12.13"]

1. c4 e5 2. Nc3 Nf6 3. g3 d5 4. cxd5 Nxd5 5. Bg2 Nb6 6. d3 Be7 7. Be3 O-O 8. Rc1
Re8 9. Qc2 Bf8 10. a3 c6 11. Nf3 N8d7 12. O-O Nf6 13. Rfd1 h6 14. Na4 Nfd5 15.
Bc5 Nxa4 16. Bxf8 Nxb2 17. Qxb2 Kxf8 18. e4 Qb6 19. Qa1 Nf6 20. Nxe5 Ng4 21.
Nxg4 Bxg4 22. Rd2 Rad8 23. d4 Re7 24. h3 Be6 25. Rcd1 Red7 26. Qc3 Kg8 27. Kh2
Qb3 28. Qc5 Qb6 29. Qe5 Qc7 30. Qxc7 Rxc7 31. d5 cxd5 32. exd5 Bd7 33. d6 Rc3
34. Bxb7 Rxa3 35. Rc1 Be6 36. Rc7 Kf8 37. Bc6 a5 38. Ra7 Ra2 39. Rxa2 Bxa2 40.
Rxa5 Rxd6 41. Rxa2 1/2-1/2

[Event "7th Sunway Sitges 2020"]
[Site "Sitges ESP"]
[Date "2020.12.22"]
[Round "9.15"]
[White "Yu, Jennifer"]
[Black "Cuenca Jimenez, Jose Fernando"]
[Result "0-1"]
[WhiteTitle "FM"]
[BlackTitle "GM"]
[WhiteElo "2328"]
[BlackElo "2528"]
[WhiteFideId "2078341"]
[BlackFideId "2255570"]
[EventDate "2020.12.13"]

1. c4 e5 2. Nc3 Bb4 3. Nd5 Bc5 4. Nf3 c6 5. Nc3 d6 6. d4 exd4 7. Nxd4 Nf6 8. e3
O-O 9. Be2 d5 10. O-O dxc4 11. Bxc4 Qe7 12. Qc2 Rd8 13. Rd1 g6 14. h3 Nbd7 15.
a3 Nb6 16. Ba2 Bxd4 17. exd4 Bf5 18. Qd2 Rd7 19. Re1 Qd8 20. Qh6 Nfd5 21. Ne4
Bxe4 22. Rxe4 Qf8 23. Qxf8+ Rxf8 24. Bh6 Rfd8 25. Rae1 f6 26. f4 Nc8 27. g4 Kf7
28. h4 Re7 29. Kf2 Rxe4 30. Rxe4 Nd6 31. Re2 Nb5 32. f5 gxf5 33. Bb1 fxg4 34.
Rd2 Nd6 35. Kg3 f5 36. Rf2 Kg6 37. Bd2 h5 38. Re2 Re8 39. Rxe8 Nxe8 40. Ba2 Nef6
41. Bc1 Ne4+ 42. Kh2 f4 43. Bxd5 cxd5 44. Bxf4 Kf5 45. Be5 Nd2 0-1

[Event "7th Sunway Sitges 2020"]
[Site "Sitges ESP"]
[Date "2020.12.22"]
[Round "9.16"]
[White "Vasquez Schroeder, Rodrigo"]
[Black "Esplugas Esteve, Vicenc"]
[Result "1-0"]
[WhiteTitle "GM"]
[BlackTitle "FM"]
[WhiteElo "2459"]
[BlackElo "2319"]
[WhiteFideId "3400042"]
[BlackFideId "22200789"]
[EventDate "2020.12.13"]

1. Nf3 Nf6 2. c4 e6 3. b3 d5 4. Bb2 Be7 5. e3 O-O 6. Nc3 b6 7. cxd5 exd5 8. d4
Nbd7 9. Bd3 Bd6 10. O-O a6 11. Rc1 Bb7 12. Qe2 Re8 13. Rfd1 Qe7 14. Na4 Ne4 15.
Rc2 b5 16. Nc3 f5 17. Qe1 Qf6 18. a4 b4 19. Ne2 Re7 20. Rdc1 Nf8 21. Ne5 Ne6 22.
Nf4 c5 23. Nxe6 Qxe6 24. Nf3 c4 25. bxc4 b3 26. Re2 dxc4 27. Bxc4 Bd5 28. Bd3
Rb7 29. Ne5 Bb4 30. Qd1 Qb6 31. Bc4 Qe6 32. Qxb3 Bxc4 33. Qxc4 Qxc4 34. Rxc4 Bd2
35. Rc2 Rab8 36. Nc4 Rc7 37. f3 Nd6 38. Rexd2 Nxc4 39. Bc1 Rb1 40. Re2 Ra1 41.
Rc3 Rxa4 42. Rec2 Kf7 43. Kf2 1-0

[Event "7th Sunway Sitges 2020"]
[Site "Sitges ESP"]
[Date "2020.12.22"]
[Round "9.17"]
[White "Gines Esteo, Pedro Antonio"]
[Black "Garcia Jimenez, Francisco Javier"]
[Result "1-0"]
[WhiteTitle "IM"]
[BlackTitle "FM"]
[WhiteElo "2437"]
[BlackElo "2288"]
[WhiteFideId "32080190"]
[BlackFideId "2231590"]
[EventDate "2020.12.13"]

1. Nf3 d5 2. g3 Nf6 3. Bg2 e6 4. O-O Be7 5. d4 O-O 6. c4 b6 7. cxd5 exd5 8. Nc3
Bb7 9. Bf4 Nbd7 10. Rc1 c5 11. dxc5 bxc5 12. Nh4 Nb6 13. Nf5 Re8 14. Nb5 Bf8 15.
Nbd6 Bc6 16. Rxc5 Qd7 17. Bh3 Re6 18. Rxc6 Qxc6 19. Nd4 Qd7 20. Nxf7 1-0

[Event "7th Sunway Sitges 2020"]
[Site "Sitges ESP"]
[Date "2020.12.22"]
[Round "9.18"]
[White "Bulmaga, Irina"]
[Black "Msellek, Ilyass"]
[Result "1/2-1/2"]
[WhiteTitle "IM"]
[BlackTitle "FM"]
[WhiteElo "2424"]
[BlackElo "2316"]
[WhiteFideId "13903063"]
[BlackFideId "675938"]
[EventDate "2020.12.13"]

1. e4 e6 2. d4 d5 3. Nc3 Nf6 4. Bg5 Bb4 5. e5 h6 6. Bc1 Ne4 7. Qg4 g6 8. a3
Bxc3+ 9. bxc3 c5 10. Bd3 cxd4 11. Bxe4 dxe4 12. Qxe4 Nc6 13. Nf3 Qd5 14. Qxd5
exd5 15. Nxd4 Nxd4 16. cxd4 Bf5 17. c3 Rc8 18. Bd2 Rc6 19. Ke2 Kd7 20. f3 h5 21.
g3 Rb6 22. h3 Rb2 23. g4 Be6 24. Rab1 Rxb1 25. Rxb1 hxg4 26. hxg4 Rh2+ 27. Ke3
b6 28. a4 Kc6 29. Rd1 a5 30. Ra1 Rh3 31. Ke2 Rh2+ 32. Ke3 Rh3 33. Ke2 1/2-1/2

[Event "7th Sunway Sitges 2020"]
[Site "Sitges ESP"]
[Date "2020.12.22"]
[Round "9.19"]
[White "Souhardo, Basak"]
[Black "Gatineau, Yovann"]
[Result "1-0"]
[BlackTitle "IM"]
[WhiteElo "2276"]
[BlackElo "2423"]
[WhiteFideId "35092910"]
[BlackFideId "26028999"]
[EventDate "2020.12.13"]

1. e4 c6 2. d4 g6 3. Nc3 d5 4. e5 Bg7 5. f4 Qb6 6. Nf3 Bg4 7. Be2 Nh6 8. Na4 Qc7
9. Be3 Nd7 10. O-O Nf5 11. Bf2 Bxf3 12. Bxf3 h5 13. b3 b5 14. Nb2 O-O 15. h3 c5
16. dxc5 Nxc5 17. Qxd5 Rac8 18. g4 Nh6 19. Nd3 Ne6 20. Be3 hxg4 21. hxg4 Rfd8
22. Qe4 Qc3 23. f5 Nd4 24. Bxh6 Bxh6 25. fxg6 Nxc2 26. Qf5 Qd4+ 27. Kh1 Bg7 28.
gxf7+ Kf8 29. Nf4 Rc7 30. Ne6# 1-0